| 000 | 01328nam a2200313 a 4500 | ||
|---|---|---|---|
| 001 | |||
| 003 | DO-SdBNP | ||
| 005 | 20240406073831.0 | ||
| 007 | ta | ||
| 008 | 130826s2018 dr a 001 0 spa d | ||
| 020 | _a9789945168792 | ||
| 040 |
_aDO-SdBNP _bspa _cBNPHU |
||
| 082 | 4 |
_a342.729307 _bS471c, 2017 _222 |
|
| 111 | 2 |
_aSeminario Internacional Participación Política y Ley de Partidos _d(2017 : _cSanto Domingo) _977661 |
|
| 245 | 1 | 0 |
_aConstitución, primarias y ley de partidos : _b obra colectiva / _ceditores Leticia Ayuso, Jesús Alejandro |
| 260 |
_aSanto Domingo : _bFundación Equidad, _c2018. |
||
| 300 |
_a413 p. : _bil. ; _c21 cm. |
||
| 490 | 1 | _aVivir en Constitución | |
| 500 | _aIncluye referencias bibliográficas y notas al pie de las páginas. | ||
| 590 | _aInventariado, 2021/VM | ||
| 650 | 0 |
_aDemocracia _xLegislación _zRepública Dominicana _vCongresos, conferencias, etc. _9286 |
|
| 650 | 4 |
_aPrimarias _xLegislación _zRepública Dominicana _953315 _vCongresos, conferencias, etc. |
|
| 650 | 4 |
_aLey electoral _zRepública Dominicana _914012 _vCongresos, conferencias, etc. |
|
| 700 | 1 |
_a Ayuso, Leticia, _eed. _962221 |
|
| 700 | 1 |
_aAlejandro, Jesús, _eed. _977663 |
|
| 830 | 0 |
_aVivir en constitución _955181 |
|
| 910 | _aVMateo /Validado. Control de calidad MFF | ||
| 942 |
_2ddc _cLBS1 |
||
| 999 |
_c49310 _d49310 |
||